[Event "Titled Tuesday intern op 7th Mar Early"]
[Site "Chess.com INT"]
[Date "2023.03.07"]
[Round "5"]
[White "Bochnicka, Vladimir1111"]
[Black "Pavlov, Denis"]
[Result "0-1"]
[WhiteElo "2309"]
[BlackElo "2296"]
[PlyCount "88"]
[EventDate "2023.03.07"]
[EventType "swiss (blitz)"]
[EventRounds "11"]
[EventCountry "USA"]
[SourceTitle "EXT 2024"]
[Source "ChessBase"]
[SourceDate "2023.10.10"]
[SourceVersion "1"]
[SourceVersionDate "2023.10.10"]
[SourceQuality "1"]

1. e4 c6 2. d4 d5 3. e5 Bf5 4. h4 h6 5. g4 Bh7 6. e6 Qd6 7. exf7+ Kxf7 8. Nf3 Nd7 9. Bd3 e5 10. Bxh7 Rxh7 11. dxe5 Nxe5 12. Nxe5+ Qxe5+ 13. Be3 Bc5 14. Qf3+ Nf6 15. 0-0 Bd6 16. Re1 Qh2+ 17. Kf1 Qxh4 18. Bf4 Bxf4 19. Qxf4 Qh3+ 20. Kg1 Qxg4+ 21. Qxg4 Nxg4 22. Nd2 Rhh8 23. Nf3 Rhe8 24. Nd4 Rxe1+ 25. Rxe1 Re8 26. Rd1 Nf6 27. Rd3 g6 28. Rb3 Re7 29. Ra3 a6 30. Rb3 Ne4 31. a4 Kf6 32. Rf3+ Ke5 33. c3 h5 34. Rf8 Nd6 35. f4+ Ke4 36. Rf6 Nf5 37. Ne2 Kf3 38. Nd4+ Nxd4 39. cxd4 Re1+ 40. Kh2 Re2+ 41. Kh3 Rxb2 42. Kh4 Rg2 43. f5 gxf5 44. Rxf5+ Ke4 0-1

[Event "Titled Tuesday intern op 7th Mar Early"]
[Site "Chess.com INT"]
[Date "2023.03.07"]
[Round "6"]
[White "Hambleton, Aman"]
[Black "Pavlov, Denis"]
[Result "1-0"]
[WhiteElo "2420"]
[BlackElo "2296"]
[PlyCount "81"]
[EventDate "2023.03.07"]
[EventType "swiss (blitz)"]
[EventRounds "11"]
[EventCountry "USA"]
[SourceTitle "EXT 2024"]
[Source "ChessBase"]
[SourceDate "2023.10.10"]
[SourceVersion "1"]
[SourceVersionDate "2023.10.10"]
[SourceQuality "1"]

1. d4 Nf6 2. c4 e6 3. Nc3 Bb4 4. Qc2 c5 5. dxc5 Na6 6. a3 Bxc3+ 7. Qxc3 Nxc5 8. f3 d5 9. cxd5 b6 10. b4 Na4 11. Qc2 b5 12. e4 a6 13. Bd3 exd5 14. e5 Nd7 15. Bf4 Qh4+ 16. Bg3 Qd4 17. Rd1 Qc3+ 18. Qxc3 Nxc3 19. Rc1 d4 20. Ne2 Nxe2 21. Kxe2 Nb6 22. Be4 Ra7 23. Rc6 Rb7 24. Rhc1 Bd7 25. Rd6 Rb8 26. e6 fxe6 27. Be5 0-0 28. Rxd4 Rbc8 29. Rxc8 Rxc8 30. Bd6 Bc6 31. Bd3 Nd5 32. Bc5 Bb7 33. g3 Kf7 34. f4 Kf6 35. Kd2 e5 36. fxe5+ Kxe5 37. Rh4 h6 38. Bd4+ Kd6 39. Bxg7 Nb6 40. Rxh6+ Ke7 41. Rxb6 1-0

[Event "Titled Tuesday intern op 7th Mar Early"]
[Site "Chess.com INT"]
[Date "2023.03.07"]
[Round "3"]
[White "Melikhov, Evgeny V"]
[Black "Pavlov, Denis"]
[Result "1-0"]
[WhiteElo "2269"]
[BlackElo "2296"]
[PlyCount "57"]
[EventDate "2023.03.07"]
[EventType "swiss (blitz)"]
[EventRounds "11"]
[EventCountry "USA"]
[SourceTitle "EXT 2024"]
[Source "ChessBase"]
[SourceDate "2023.10.10"]
[SourceVersion "1"]
[SourceVersionDate "2023.10.10"]
[SourceQuality "1"]

1. d4 Nf6 2. c4 e6 3. Nc3 c5 4. d5 exd5 5. cxd5 g6 6. Nf3 d6 7. h3 Bg7 8. e4 0-0 9. Bd3 b5 10. Nxb5 Nxe4 11. Bxe4 Re8 12. Ng5 h6 13. Ne6 Qa5+ 14. Nc3 fxe6 15. 0-0 Na6 16. Bxg6 Rf8 17. Qh5 Nb4 18. Bxh6 Qc7 19. a3 Bxh6 20. Qxh6 Nxd5 21. Nxd5 exd5 22. Qg5 Qg7 23. Qxd5+ Kh8 24. Qh5+ Kg8 25. Rae1 Bb7 26. Re6 Rf4 27. Rfe1 Rf6 28. Rxf6 Qxf6 29. Qh7+ 1-0

[Event "Titled Tuesday intern op 7th Mar Early"]
[Site "Chess.com INT"]
[Date "2023.03.07"]
[Round "8"]
[White "Orozbaev, Eldiar"]
[Black "Pavlov, Denis"]
[Result "1-0"]
[WhiteElo "2313"]
[BlackElo "2296"]
[PlyCount "177"]
[EventDate "2023.03.07"]
[EventType "swiss (blitz)"]
[EventRounds "11"]
[EventCountry "USA"]
[SourceTitle "EXT 2024"]
[Source "ChessBase"]
[SourceDate "2023.10.10"]
[SourceVersion "1"]
[SourceVersionDate "2023.10.10"]
[SourceQuality "1"]

1. e4 c6 2. Nc3 d5 3. Nf3 dxe4 4. Nxe4 Nf6 5. Ng3 c5 6. c3 Nc6 7. d4 cxd4 8. cxd4 e6 9. Bd3 Be7 10. 0-0 0-0 11. Qe2 Nxd4 12. Nxd4 Qxd4 13. Rd1 Qh4 14. h3 b6 15. Nf5 exf5 16. Qxe7 Be6 17. Be3 Rfe8 18. Qc7 Nd5 19. Qc6 Rac8 20. Qb5 Nxe3 21. fxe3 Qg3 22. Bxf5 a6 23. Qd3 Bxf5 24. Qxf5 Qxe3+ 25. Kh1 Qe6 26. Qf2 b5 27. Rf1 g6 28. b3 Qd5 29. Rad1 Qe6 30. Rde1 Qd5 31. Rd1 Qe6 32. Qf4 Re7 33. Rd6 Qe5 34. Rxa6 Qxf4 35. Rxf4 Rc1+ 36. Kh2 Rc2 37. a4 bxa4 38. bxa4 Ree2 39. Rg4 h5 40. Rg3 Rf2 41. Ra7 Ra2 42. Kg1 Rf4 43. a5 Rf5 44. Ra8+ Kg7 45. Rc8 Raxa5 46. Rd3 Ra1+ 47. Kh2 Ra2 48. Rg3 Rff2 49. Rc5 f5 50. Rc6 f4 51. Rgxg6+ Kf7 52. Rcf6+ Ke7 53. Kg1 f3 54. Rxf3 Rxf3 55. gxf3 Kf7 56. Rg5 Kf6 57. Rxh5 Kg6 58. Rh4 Kg5 59. Rg4+ Kf5 60. Rg2 Ra3 61. Kf2 Ra1 62. Kg3 Rh1 63. h4 Kf6 64. Kg4 Kg6 65. Rc2 Rg1+ 66. Kf4 Kh5 67. Rc8 Rf1 68. Rh8+ Kg6 69. Kg4 Rg1+ 70. Kf4 Rf1 71. h5+ Kg7 72. Rc8 Kh6 73. Rc5 Rf2 74. Kg4 Rg2+ 75. Kh3 Rg1 76. f4 Rg8 77. Kh4 Rg1 78. Rc6+ Kh7 79. h6 Rg2 80. f5 Rg1 81. Kh5 Rh1+ 82. Kg5 Rg1+ 83. Kf6 Kxh6 84. Kf7+ Kh7 85. f6 Rg7+ 86. Kf8 Rg8+ 87. Ke7 Rg1 88. f7 Re1+ 89. Re6 1-0

[Event "Titled Tuesday intern op 14th Feb Early"]
[Site "Chess.com INT"]
[Date "2023.02.14"]
[Round "7"]
[White "Mirzanurov, Bulat"]
[Black "Pavlov, Denis"]
[Result "0-1"]
[WhiteElo "2232"]
[BlackElo "2296"]
[PlyCount "32"]
[EventDate "2023.02.14"]
[EventType "swiss (blitz)"]
[EventRounds "11"]
[EventCountry "USA"]
[SourceTitle "CBM 212 Extra"]
[Source "ChessBase"]
[SourceDate "2023.03.31"]
[SourceVersion "1"]
[SourceVersionDate "2023.03.31"]
[SourceQuality "1"]

1. e4 c5 2. Nf3 Nc6 3. Bb5 g6 4. Bxc6 dxc6 5. 0-0 Bg7 6. Re1 e5 7. a4 Qc7 8. d3 Nf6 9. Na3 Nd7 10. Nc4 Nf8 11. a5 Ne6 12. Bd2 0-0 13. Bc3 Nd4 14. Bxd4 cxd4 15. b4 Be6 16. Nfd2 b5 0-1

[Event "Titled Tuesday intern op 27th Dec Early"]
[Site "Chess.com INT"]
[Date "2022.12.27"]
[Round "4"]
[White "Guerb, Leonid"]
[Black "Pavlov, Denis"]
[Result "1/2-1/2"]
[WhiteElo "2295"]
[BlackElo "2296"]
[PlyCount "98"]
[EventDate "2022.12.27"]
[EventType "swiss (blitz)"]
[EventRounds "11"]
[EventCountry "USA"]
[SourceTitle "EXT 2024"]
[Source "ChessBase"]
[SourceDate "2023.10.10"]
[SourceVersion "1"]
[SourceVersionDate "2023.10.10"]
[SourceQuality "1"]

1. Nf3 d5 2. c4 d4 3. b4 a5 4. b5 c5 5. bxc6 Nxc6 6. g3 e5 7. d3 Bc5 8. Bg2 h6 9. 0-0 Nf6 10. Na3 0-0 11. Nb5 Qe7 12. a4 Rd8 13. Nd2 Bf5 14. Ba3 Nb4 15. Nb3 e4 16. Nxc5 Qxc5 17. Rb1 Rd7 18. Qb3 exd3 19. exd3 Ng4 20. Bxb4 axb4 21. Qxb4 Qxb4 22. Rxb4 Bxd3 23. Rd1 Ne5 24. f4 Bc2 25. Rxd4 Rxa4 26. Rxa4 Bxa4 27. fxe5 Bxb5 28. Rxd7 Bxd7 29. Bxb7 Kf8 30. c5 Be6 31. Kf2 Ke7 32. Ke3 Kd8 33. Kd4 f6 34. Bd5 Bg4 35. exf6 gxf6 36. Ke3 Kc7 37. Kf4 Bc8 38. h4 Bd7 39. g4 Bc8 40. Be4 Bd7 41. Bf5 Ba4 42. Bg6 Bd7 43. Be4 Bc8 44. Bd5 Bd7 45. g5 fxg5+ 46. hxg5 hxg5+ 47. Kxg5 Bc6 48. Bxc6 Kxc6 49. Kg6 Kxc5 1/2-1/2

[Event "Titled Tuesday intern op 27th Dec Early"]
[Site "Chess.com INT"]
[Date "2022.12.27"]
[Round "7"]
[White "Pavlov, Denis"]
[Black "Bortnyk, Olexandr"]
[Result "0-1"]
[WhiteElo "2296"]
[BlackElo "2604"]
[PlyCount "106"]
[EventDate "2022.12.27"]
[EventType "swiss (blitz)"]
[EventRounds "11"]
[EventCountry "USA"]
[SourceTitle "EXT 2024"]
[Source "ChessBase"]
[SourceDate "2023.10.10"]
[SourceVersion "1"]
[SourceVersionDate "2023.10.10"]
[SourceQuality "1"]

1. Nf3 Nf6 2. c4 g6 3. Nc3 Bg7 4. e4 0-0 5. d4 d6 6. Be2 e5 7. d5 a5 8. Nd2 Na6 9. h4 h5 10. Nf1 Nc5 11. Bg5 c6 12. Qd2 Qb6 13. Ng3 a4 14. Be3 Qa5 15. f3 cxd5 16. Nxd5 Nxd5 17. Qxa5 Rxa5 18. cxd5 f5 19. exf5 Bxf5 20. Nxf5 gxf5 21. Rd1 e4 22. Rd2 exf3 23. Bxf3 Re8 24. Kf2 Ne4+ 25. Bxe4 Rxe4 26. Kf3 Rxe3+ 27. Kxe3 Bh6+ 28. Ke2 Bxd2 29. Kxd2 Rxd5+ 30. Kc3 Kf7 31. Rf1 Ke6 32. Rf4 b5 33. Kb4 Rd2 34. a3 Rxb2+ 35. Ka5 Rb3 36. Rf1 Rxa3 37. Kxb5 Ra2 38. g3 a3 39. Re1+ Kf6 40. Re3 Rb2+ 41. Kc6 a2 42. Ra3 Rd2 43. Ra5 d5 44. Kc5 Ke5 45. Ra4 d4 46. Ra8 Ke4 47. Kc4 Kf3 48. Ra3+ Kg4 49. Kd5 d3 50. Ke5 Rf2 51. Rxd3 a1Q+ 52. Rd4+ Qxd4+ 53. Kxd4 Kxg3 0-1

[Event "Titled Tuesday intern op 27th Dec Early"]
[Site "Chess.com INT"]
[Date "2022.12.27"]
[Round "11"]
[White "Pavlov, Denis"]
[Black "Odegov, Artem"]
[Result "1-0"]
[WhiteElo "2296"]
[BlackElo "2286"]
[PlyCount "95"]
[EventDate "2022.12.27"]
[EventType "swiss (blitz)"]
[EventRounds "11"]
[EventCountry "USA"]
[SourceTitle "EXT 2024"]
[Source "ChessBase"]
[SourceDate "2023.10.10"]
[SourceVersion "1"]
[SourceVersionDate "2023.10.10"]
[SourceQuality "1"]

1. Nf3 d5 2. e3 Nf6 3. c4 e6 4. b3 c5 5. cxd5 exd5 6. Bb2 Nc6 7. Be2 Be7 8. d4 0-0 9. 0-0 Bg4 10. dxc5 Bxc5 11. Nd4 Bxe2 12. Nxe2 Re8 13. Nbc3 a6 14. Rc1 Ba7 15. Na4 Ng4 16. h3 Nge5 17. Nc5 Qe7 18. Nd3 Ng6 19. Ndf4 Rad8 20. Nxg6 hxg6 21. Nd4 Ne5 22. Rc2 Qh4 23. Nf3 Nxf3+ 24. Qxf3 Rd7 25. Rd1 d4 26. Bxd4 Bxd4 27. Rcd2 Red8 28. Qg4 Qxg4 29. hxg4 Kf8 30. Rxd4 Rxd4 31. Rxd4 Rc8 32. g3 Ke7 33. g5 Rc5 34. f4 Rc1+ 35. Kf2 Rc2+ 36. Kf3 Rxa2 37. g4 Rb2 38. b4 Rb1 39. f5 gxf5 40. gxf5 f6 41. g6 Rf1+ 42. Ke4 b6 43. Rd2 Rc1 44. Kd5 Rc7 45. Ra2 Rd7+ 46. Ke4 Ra7 47. Kd5 a5 48. Kc6 1-0

[Event "Titled Tuesday intern op 20th Dec Early"]
[Site "Chess.com INT"]
[Date "2022.12.20"]
[Round "6"]
[White "Budrewicz, Krzysztof"]
[Black "Pavlov, Denis"]
[Result "1-0"]
[WhiteElo "2184"]
[BlackElo "2296"]
[PlyCount "107"]
[EventDate "2022.12.20"]
[EventType "swiss (blitz)"]
[EventRounds "11"]
[EventCountry "USA"]
[SourceTitle "EXT 2024"]
[Source "ChessBase"]
[SourceDate "2023.10.10"]
[SourceVersion "1"]
[SourceVersionDate "2023.10.10"]
[SourceQuality "1"]

1. d4 Nf6 2. c4 e6 3. Nf3 c5 4. d5 d6 5. Nc3 exd5 6. cxd5 g6 7. e4 Bg7 8. h3 0-0 9. Bd3 b5 10. Bxb5 Nxe4 11. Nxe4 Qa5+ 12. Nfd2 Qxb5 13. Nxd6 Qa6 14. N2c4 Nd7 15. 0-0 Ne5 16. Nxe5 Bxe5 17. Nxc8 Raxc8 18. Re1 Bd4 19. Qe2 Qxe2 20. Rxe2 Rfd8 21. Bf4 Rxd5 22. Rc1 c4 23. Rec2 Kg7 24. g4 h5 25. Kg2 a5 26. Kf3 Bf6 27. Be3 hxg4+ 28. hxg4 a4 29. Rxc4 Rxc4 30. Rxc4 Ra5 31. Rb4 a3 32. b3 Bb2 33. Bd4+ Kf8 34. Ra4 Rd5 35. Be3 Ke7 36. Ra7+ Ke6 37. Ra6+ Kd7 38. b4 Rd1 39. Ra7+ Kc6 40. Rxf7 Ra1 41. Ra7 Rxa2 42. Ra6+ Kb5 43. Rxg6 Ra1 44. Rb6+ Ka4 45. Ra6+ Kb3 46. b5 a2 47. b6 Rb1 48. b7 Be5 49. Bd4 Bb8 50. g5 Rd1 51. Bf6 Rd5 52. Ra8 Rf5+ 53. Ke2 Rxf6 54. gxf6 1-0

[Event "Tatarstan-ch op"]
[Site "Kazan"]
[Date "2012.09.03"]
[Round "1"]
[White "Bulatov, Gali"]
[Black "Pavlov, Denis"]
[Result "0-1"]
[WhiteElo "1979"]
[BlackElo "2289"]
[PlyCount "64"]
[EventDate "2012.09.03"]
[EventType "swiss"]
[EventRounds "9"]
[EventCountry "RUS"]
[SourceTitle "CBM 150 Extra"]
[Source "ChessBase"]
[SourceDate "2012.10.19"]
[SourceVersion "1"]
[SourceVersionDate "2012.10.19"]
[SourceQuality "1"]

1. Nf3 Nf6 2. g3 b5 3. Bg2 Bb7 4. 0-0 e6 5. d3 Be7 6. e4 d6 7. b3 0-0 8. Bb2 c5 9. Nbd2 Nbd7 10. a4 b4 11. a5 a6 12. Re1 e5 13. Nc4 Ne8 14. Ne3 g6 15. Qd2 Ng7 16. Qe2 Nb8 17. Nd2 Nc6 18. Nd5 Ne6 19. Nc4 Ncd4 20. Nxe7+ Qxe7 21. Qd1 f5 22. Nb6 Rae8 23. c3 bxc3 24. Bxc3 Qf7 25. Ra2 Nb5 26. Bd2 fxe4 27. Rf1 exd3 28. Bxb7 Qxb7 29. b4 Nbd4 30. f4 Ne2+ 31. Kf2 exf4 32. gxf4 N6d4 0-1

[Event "Tatarstan-ch op"]
[Site "Kazan"]
[Date "2007.08.24"]
[Round "5"]
[White "Pavlov, Denis"]
[Black "Toropov, Pavel"]
[Result "1-0"]
[WhiteElo "2313"]
[BlackElo "2153"]
[PlyCount "77"]
[EventDate "2007.08.20"]
[EventType "swiss"]
[EventRounds "9"]
[EventCountry "RUS"]
[SourceTitle "EXT 2009"]
[Source "ChessBase"]
[SourceDate "2008.11.26"]
[SourceVersion "1"]
[SourceVersionDate "2008.11.26"]
[SourceQuality "1"]

1. d4 d5 2. c4 c6 3. cxd5 cxd5 4. Nc3 Nc6 5. Nf3 Nf6 6. Bf4 e6 7. e3 Be7 8. Bd3 Bd7 9. 0-0 Rc8 10. h3 Na5 11. Rc1 Qb6 12. Qe2 0-0 13. Ne5 Bc6 14. Rb1 Nd7 15. Nxc6 Nxc6 16. Rfc1 a6 17. Qh5 f5 18. Qf3 Qa5 19. a3 Nf6 20. g4 Ne4 21. gxf5 exf5 22. Nxd5 Nd2 23. Nxe7+ Nxe7 24. Qxb7 Nxb1 25. Rxc8 Rxc8 26. Qxe7 Kh8 27. Be5 Rg8 28. Bc4 Qb6 29. Bxg8 Qg6+ 30. Kh2 Kxg8 31. Qd8+ Kf7 32. Qc7+ Ke8 33. Bd6 Qe6 34. d5 Qe4 35. Bb4 a5 36. Qc8+ Kf7 37. Qe6+ Qxe6 38. dxe6+ Kxe6 39. Bxa5 1-0

[Event "Voronezh FIDE op"]
[Site "Voronezh"]
[Date "2003.06.19"]
[Round "7"]
[White "Nemtzev, Igor"]
[Black "Pavlov, Denis"]
[Result "0-1"]
[WhiteElo "2218"]
[BlackElo "2264"]
[PlyCount "78"]
[EventDate "2003.06.12"]
[EventType "swiss"]
[EventRounds "9"]
[EventCountry "RUS"]
[SourceTitle "CBM 094 Extra"]
[Source "ChessBase"]
[SourceDate "2003.07.09"]
[SourceVersion "2"]
[SourceVersionDate "2003.07.09"]
[SourceQuality "1"]

1. Nf3 Nf6 2. d4 g6 3. g3 Bg7 4. Bg2 0-0 5. 0-0 c6 6. c4 d6 7. b3 e5 8. dxe5 dxe5 9. Bb2 e4 10. Qxd8 Rxd8 11. Ng5 Bf5 12. Nc3 Rd2 13. Na4 Na6 14. g4 Nxg4 15. Bxg7 Kxg7 16. Nxe4 Rxe2 17. Nd6 Rb8 18. Rfe1 Rxe1+ 19. Rxe1 Kf6 20. h3 Nh6 21. Ne8+ Kg5 22. Nc3 Nc5 23. Re3 Rd8 24. b4 Ne6 25. Rg3+ Kh4 26. Nf6 Nf4 27. Nxh7 Nxh3+ 28. Bxh3 Bxh3 29. Kh2 Ng4+ 30. Kg1 Re8 31. Rxh3+ Kxh3 32. Ng5+ Kh4 33. Nxf7 Rf8 34. Nd6 Rxf2 35. a4 Rc2 36. Nce4 Ne3 37. c5 g5 38. b5 g4 39. bxc6 bxc6 0-1

[Event "RUS-ch sf"]
[Site "Tula"]
[Date "2003.??.??"]
[Round "1"]
[White "Pavlov, Denis"]
[Black "Dvalishvili, Pavel S"]
[Result "1/2-1/2"]
[WhiteElo "2226"]
[BlackElo "2432"]
[PlyCount "92"]
[EventDate "2003.03.??"]
[EventType "swiss"]
[EventRounds "9"]
[EventCountry "RUS"]
[SourceTitle "EXT 2004"]
[Source "ChessBase"]
[SourceDate "2003.11.25"]
[SourceVersion "1"]
[SourceVersionDate "2003.11.25"]
[SourceQuality "1"]

1. e4 c5 2. d3 Nc6 3. g3 g6 4. Bg2 Bg7 5. Ne2 Nf6 6. c4 d6 7. 0-0 0-0 8. Nbc3 Rb8 9. Rb1 a6 10. d4 cxd4 11. Nxd4 Nxd4 12. Qxd4 Be6 13. Qd3 b5 14. cxb5 axb5 15. Nxb5 Bxa2 16. Ra1 Be6 17. Nd4 Bd7 18. Rd1 Ng4 19. h3 Ne5 20. Qe2 Qb6 21. Ra6 Qb4 22. b3 Rfc8 23. Bg5 Kf8 24. Ra7 Qc5 25. Qa2 Rc7 26. Ra8 Rxa8 27. Qxa8+ Rc8 28. Qd5 Qb4 29. Bd2 Qb8 30. Rc1 Rxc1+ 31. Bxc1 Ke8 32. b4 Qc8 33. Be3 Nc4 34. Bf1 Nxe3 35. fxe3 Be5 36. Kf2 Kf8 37. b5 Qc3 38. Nf3 Qb2+ 39. Be2 Be6 40. Qa8+ Kg7 41. Nxe5 dxe5 42. Qc6 Bxh3 43. b6 Bc8 44. Qxc8 Qxb6 45. Qc2 Qf6+ 46. Bf3 h5 1/2-1/2

[Event "RUS-ch sf"]
[Site "Tula"]
[Date "2003.??.??"]
[Round "7"]
[White "Pavlov, Denis"]
[Black "Romanov, Evgeny"]
[Result "0-1"]
[WhiteElo "2226"]
[BlackElo "2329"]
[PlyCount "106"]
[EventDate "2003.03.??"]
[EventType "swiss"]
[EventRounds "9"]
[EventCountry "RUS"]
[SourceTitle "EXT 2004"]
[Source "ChessBase"]
[SourceDate "2003.11.25"]
[SourceVersion "1"]
[SourceVersionDate "2003.11.25"]
[SourceQuality "1"]

1. e4 c5 2. d3 Nc6 3. g3 d6 4. Bg2 g6 5. Ne2 Bg7 6. 0-0 e5 7. Be3 Nge7 8. Qd2 0-0 9. c3 Be6 10. Na3 Rc8 11. f4 b6 12. d4 exd4 13. cxd4 Bg4 14. d5 Bxe2 15. Qxe2 Nd4 16. Bxd4 Bxd4+ 17. Kh1 Qd7 18. Nb5 Bg7 19. g4 Rce8 20. Rad1 Kh8 21. e5 Nc8 22. Nc3 dxe5 23. f5 Nd6 24. Qe3 gxf5 25. gxf5 f6 26. a4 Rg8 27. Be4 Bf8 28. b3 Re7 29. Ne2 Reg7 30. Ng3 Rg5 31. Qf3 Qg7 32. Rde1 Qh6 33. Rg1 Qh4 34. Bc2 Rg4 35. Re2 Bh6 36. Reg2 Bf4 37. Nf1 Rxg2 38. Rxg2 Rg5 39. Rxg5 Qxg5 40. Qe2 Kg8 41. a5 Qg7 42. axb6 axb6 43. Bd3 Kf8 44. Bc2 Qb7 45. Be4 b5 46. Ng3 Bxg3 47. hxg3 c4 48. bxc4 bxc4 49. Qe3 Kg7 50. Kg2 Qb2+ 51. Kh3 Qd4 52. Qa3 Qxe4 53. Qa7+ Nf7 0-1

[Event "RUS-Cup04"]
[Site "Samara"]
[Date "2002.07.29"]
[Round "4"]
[White "Pavlov, Denis"]
[Black "Bocharov, Dmitry"]
[Result "0-1"]
[WhiteElo "2263"]
[BlackElo "2475"]
[PlyCount "56"]
[EventDate "2002.07.26"]
[EventType "swiss"]
[EventRounds "9"]
[EventCountry "RUS"]
[SourceTitle "CBM 089 Extra"]
[Source "ChessBase"]
[SourceDate "2002.09.10"]
[SourceVersion "2"]
[SourceVersionDate "2002.09.10"]
[SourceQuality "1"]

1. c4 c5 2. Nc3 Nc6 3. g3 g6 4. Bg2 Bg7 5. e3 e5 6. Nge2 Nge7 7. 0-0 0-0 8. d3 d6 9. a3 Rb8 10. Rb1 a6 11. b4 cxb4 12. axb4 b5 13. cxb5 axb5 14. Ne4 h6 15. Bd2 f5 16. Qb3+ Kh7 17. N4c3 Bd7 18. e4 g5 19. f4 gxf4 20. gxf4 Ng6 21. exf5 Bxf5 22. Nd5 Nh4 23. Ne3 Nxg2 24. Kxg2 Bd7 25. f5 Nd4 26. Nxd4 Qg5+ 27. Kh1 exd4 28. Rg1 Bc6+ 0-1

[Event "RUS-Cup04"]
[Site "Samara"]
[Date "2002.07.27"]
[Round "2"]
[White "Pavlov, Denis"]
[Black "Shestoperov, Aleksej"]
[Result "0-1"]
[WhiteElo "2263"]
[BlackElo "2458"]
[PlyCount "54"]
[EventDate "2002.07.26"]
[EventType "swiss"]
[EventRounds "9"]
[EventCountry "RUS"]
[SourceTitle "CBM 089 Extra"]
[Source "ChessBase"]
[SourceDate "2002.09.10"]
[SourceVersion "2"]
[SourceVersionDate "2002.09.10"]
[SourceQuality "1"]

1. d4 Nf6 2. c4 e6 3. Nc3 Bb4 4. e3 c5 5. Nge2 b6 6. a3 Ba5 7. d5 Bb7 8. Rb1 Na6 9. Bd2 0-0 10. e4 exd5 11. cxd5 Re8 12. f3 c4 13. Kf2 Nc5 14. Ng3 b5 15. Be3 Bb6 16. Nf5 d6 17. b4 Nfxe4+ 18. fxe4 Nxe4+ 19. Nxe4 Rxe4 20. g4 Rxe3 21. Nxe3 Qf6+ 22. Qf3 Bxe3+ 23. Kxe3 Re8+ 24. Kf2 Qd4+ 25. Kg3 Re3 26. Bg2 Bxd5 27. Rbe1 Qe5+ 0-1

[Event "Heart of Finland op 12th"]
[Site "Jyvaskyla"]
[Date "2002.??.??"]
[Round "4"]
[White "Parkkinen, Jyrki"]
[Black "Pavlov, Denis"]
[Result "1-0"]
[WhiteElo "2192"]
[BlackElo "2263"]
[PlyCount "115"]
[EventDate "2002.09.??"]
[EventType "swiss"]
[EventRounds "9"]
[EventCountry "FIN"]
[SourceTitle "EXT 2004"]
[Source "ChessBase"]
[SourceDate "2003.11.25"]
[SourceVersion "1"]
[SourceVersionDate "2003.11.25"]
[SourceQuality "1"]

1. Nf3 Nf6 2. c4 c5 3. g3 Nc6 4. Bg2 g6 5. Nc3 Bg7 6. 0-0 0-0 7. d4 cxd4 8. Nxd4 Nxd4 9. Qxd4 d6 10. Qd3 Bf5 11. e4 Be6 12. b3 Nd7 13. Bb2 Ne5 14. Qd2 Bh3 15. Nd5 Bxg2 16. Kxg2 e6 17. Ne3 Qc7 18. Rad1 Rad8 19. Ba3 Qc6 20. f3 Rd7 21. Bb2 Rfd8 22. Bxe5 dxe5 23. Qa5 b6 24. Qb5 Qxb5 25. cxb5 Bf8 26. Rxd7 Rxd7 27. Rd1 Rd4 28. Rxd4 exd4 29. Nc4 f6 30. Kf2 Kf7 31. e5 Bc5 32. Ke2 Ke7 33. Kd3 fxe5 34. Nxe5 Kd6 35. Nc6 e5 36. Nxa7 h5 37. h3 Ke6 38. g4 Kf6 39. Nc6 Bd6 40. gxh5 gxh5 41. a4 Kg5 42. Ke4 Kh4 43. b4 Kxh3 44. a5 bxa5 45. bxa5 Kg3 46. a6 Bc5 47. a7 Bxa7 48. Nxa7 h4 49. b6 h3 50. b7 h2 51. b8Q h1Q 52. Qxe5+ Kf2 53. Qxd4+ Kg3 54. Qg7+ Kf2 55. Qf7 Qe1+ 56. Kf4 Qe3+ 57. Kg4 Qe4+ 58. fxe4+ 1-0

[Event "RUS-ch U20"]
[Site "Kazan"]
[Date "2001.??.??"]
[Round "3"]
[White "Bryzgalin, Kirill"]
[Black "Pavlov, Denis"]
[Result "1-0"]
[WhiteElo "2373"]
[BlackElo "2270"]
[PlyCount "63"]
[EventDate "2001.??.??"]
[EventType "swiss"]
[EventRounds "11"]
[EventCountry "RUS"]
[SourceTitle "EXT 2002"]
[Source "ChessBase"]
[SourceDate "2001.11.25"]
[SourceVersion "1"]
[SourceVersionDate "2001.11.25"]
[SourceQuality "1"]

1. e4 c5 2. Nc3 e6 3. Nge2 Nc6 4. g3 d5 5. exd5 exd5 6. Bg2 Nf6 7. d4 cxd4 8. Nxd4 Bb4 9. 0-0 0-0 10. Nce2 Re8 11. h3 Ne4 12. Nb3 b6 13. c3 Bc5 14. Nxc5 bxc5 15. Nf4 d4 16. Re1 f5 17. cxd4 Nxd4 18. Be3 Rb8 19. Nd3 c4 20. Nf4 Nc6 21. Qa4 Ne5 22. Rad1 Bd7 23. Qxa7 Rxb2 24. Bd4 Nc6 25. Qa6 Rc2 26. Bb6 Qc8 27. Qa4 Nd4 28. Qa7 Nxf2 29. Bxd4 Nxd1 30. Bd5+ Kh8 31. Bxg7+ Kxg7 32. Qd4+ 1-0